000
00269nam a2200121Ia 4500
008
191201s2006 xx 000 0 und d
100
_a
FOLK, Michael
245
0
_a
File Structures
260
_b
Pearson
_c
2006
300
_a
744
650
_a
B.Tech(IT)
942
_2
ddc
_c
BK
999
_c
6896
_d
6896